[Event "2022 Zone 4.1Individual Championships "]
[Site "Hotel Rosa Beach Monastir"]
[Date "2022.03.13"]
[Round "1"]
[Board "1"]
[White "Ben Ghanem, Hamed"]
[Black "Msellek, Ilyass"]
[Result "0-1"]
[WhiteElo "2112"]
[BlackElo "2411"]
[PlyCount "52"]
[EventDate "2022.03.13"]
[EventRounds "9"]
[EventCountry "TUN"]

1. d4 d5 2. Bf4 c5 3. e3 cxd4 4. exd4 Nc6 5. c3 Bf5 6. Nf3 e6 7. Nbd2 f6 8. Qb3
Qd7 9. h3 g5 10. Be3 h5 11. c4 Nge7 12. Rc1 Rc8 13. Qa4 Kf7 14. c5 Ng6 15. b4
a6 16. Qb3 Be7 17. Nb1 g4 18. Nfd2 e5 19. Qc3 a5 20. a3 axb4 21. axb4 exd4 22.
Bxd4 Rhe8 23. Be2 Nf4 24. Nb3 Nxe2 25. Kxe2 Bxc5+ 26. Kf1 Bxd4  0-1

[Event "2022 Zone 4.1Individual Championships "]
[Site "Hotel Rosa Beach Monastir"]
[Date "2022.03.13"]
[Round "1"]
[Board "2"]
[White "Sadek, Sameh"]
[Black "Araoun, Saadi"]
[Result "1-0"]
[WhiteElo "2233"]
[BlackElo "2058"]
[PlyCount "57"]
[EventDate "2022.03.13"]
[EventRounds "9"]
[EventCountry "TUN"]

1. d4 Nf6 2. c4 g6 3. Nc3 Bg7 4. e4 d6 5. Bd3 Nc6 6. Nge2 e5 7. d5 Nd4 8. Nxd4
exd4 9. Ne2 O-O 10. O-O Re8 11. f3 c5 12. Bg5 Qb6 13. Qd2 a5 14. Ng3 a4 15.
Rae1 Bd7 16. Qf4 Nh5 17. Nxh5 gxh5 18. Bf6 Bxf6 19. Qxf6 Qd8 20. Qxd6 Qe7 21.
Qg3+ Kh8 22. e5 Rg8 23. Qf4 Qg5 24. Qxg5 Rxg5 25. f4 Rg7 26. f5 Re8 27. f6 Rg5
28. e6 fxe6 29. f7  1-0

[Event "2022 Zone 4.1Individual Championships "]
[Site "Hotel Rosa Beach Monastir"]
[Date "2022.03.13"]
[Round "1"]
[Board "3"]
[White "Cheikhna, Mohamed Lemine"]
[Black "Ben Ammar, Mohamed"]
[Result "1-0"]
[WhiteElo "1957"]
[BlackElo "2173"]
[PlyCount "71"]
[EventDate "2022.03.13"]
[EventRounds "9"]
[EventCountry "TUN"]

1. d4 Nf6 2. Bf4 g6 3. e3 Bg7 4. Nf3 d6 5. Be2 O-O 6. O-O c5 7. c4 Nh5 8. Bg5
h6 9. Bh4 g5 10. Ne1 Nf6 11. Bg3 Ne4 12. Nc3 Nxg3 13. hxg3 cxd4 14. exd4 f5 15.
Nc2 Nc6 16. Qd2 e5 17. dxe5 dxe5 18. Nd5 Be6 19. Rad1 Rf7 20. Qe3 Rd7 21. g4
Qf8 22. gxf5 Bxf5 23. Rd2 Rad8 24. Rfd1 Kh8 25. b3 Nd4 26. Bd3 b5 27. Nxd4 exd4
28. Qf3 Bxd3 29. Qxd3 bxc4 30. bxc4 Rc8 31. Re2 Qc5 32. Rde1 Rf8 33. Ne7 Rxe7
34. Re3 Qb6 35. Rxe7 Qe6 36. R1xe6  1-0

[Event "2022 Zone 4.1Individual Championships "]
[Site "Hotel Rosa Beach Monastir"]
[Date "2022.03.13"]
[Round "1"]
[Board "4"]
[White "Ben Brahem, Aymen"]
[Black "Sentissi, Yassine"]
[Result "0-1"]
[WhiteElo "2172"]
[BlackElo "1844"]
[PlyCount "70"]
[EventDate "2022.03.13"]
[EventRounds "9"]
[EventCountry "TUN"]

1. d4 Nf6 2. Bf4 g6 3. Nc3 d5 4. e3 Bg7 5. h4 h5 6. Nf3 O-O 7. Ne5 c5 8. Qd2
Qa5 9. Be2 Nc6 10. O-O Bf5 11. Rfd1 cxd4 12. exd4 Rac8 13. Bf3 Qd8 14. Qe2 Na5
15. Rd2 Nc4 16. Nxc4 Rxc4 17. Re1 e6 18. Bg5 Qb6 19. Bxd5 Rxc3 20. bxc3 exd5
21. Qf3 Ne4 22. Rd3 Nxg5 23. hxg5 Bxd3 24. Qxd3 Qc7 25. Qf3 Rd8 26. Re3 Bf8 27.
g4 hxg4 28. Qxg4 Qd7 29. Qf3 Qa4 30. Qf6 Rd6 31. Qf4 Qxc2 32. Re8 Re6 33. Rc8
Qd1+ 34. Kg2 Re4 35. Qf6 Qg4+  0-1

[Event "2022 Zone 4.1Individual Championships "]
[Site "Hotel Rosa Beach Monastir"]
[Date "2022.03.13"]
[Round "1"]
[Board "5"]
[White "Ben Hamouda, Mohamed Aymen"]
[Black "Gator, Mosab"]
[Result "1/2-1/2"]
[WhiteElo "1509"]
[BlackElo "2133"]
[PlyCount "60"]
[EventDate "2022.03.13"]
[EventRounds "9"]
[EventCountry "TUN"]

1. e4 c5 2. Nf3 d6 3. g3 Nc6 4. Bg2 Nf6 5. d3 g6 6. O-O Bg7 7. Re1 O-O 8. c3 d5
9. e5 Ne8 10. Bf4 Qb6 11. Qd2 Nc7 12. Bh6 Bg4 13. Bxg7 Kxg7 14. Nh4 f6 15. f4
fxe5 16. fxe5 Rf7 17. h3 Be6 18. Kh2 Raf8 19. Na3 Rf2 20. Re2 Rxe2 21. Qxe2 h6
22. Nf3 g5 23. Re1 Bf5 24. Qd2 Qa6 25. d4 Be4 26. Nxg5 hxg5 27. Bxe4 dxe4 28.
Qxg5+ Kf7 29. Qh5+ Kg7 30. Qg5+ Kf7  1/2-1/2

[Event "2022 Zone 4.1Individual Championships "]
[Site "Hotel Rosa Beach Monastir"]
[Date "2022.03.13"]
[Round "1"]
[Board "6"]
[White "Bengherabi, Khalil"]
[Black "Achour, Oussama"]
[Result "1-0"]
[WhiteElo "2124"]
[BlackElo "1474"]
[PlyCount "0"]
[EventDate "2022.03.13"]
[EventRounds "9"]
[EventCountry "TUN"]

1. e4 {[%clk 01:30:57]} {[%emt 00:00:06]} d5 {[%clk 01:30:52]} {[%emt
00:00:05]} 2. exd5 {[%clk 01:31:14]} {[%emt 00:00:13]} Nf6 {[%clk 01:31:09]}
{[%emt 00:00:13]} 3. d4 {[%clk 01:29:45]} {[%emt 00:01:58]} Nxd5 {[%clk
01:31:20]} {[%emt 00:00:19]} 4. c4 {[%clk 01:29:18]} {[%emt 00:00:57]} Nb6
{[%clk 01:29:02]} {[%emt 00:02:48]} 5. Nc3 {[%clk 01:29:38]} {[%emt 00:00:10]}
e6 {[%clk 01:19:08]} {[%emt 00:10:24]} 6. Nf3 {[%clk 01:21:08]} {[%emt
00:08:59]} Bb4 {[%clk 01:12:33]} {[%emt 00:07:06]} 7. Qb3 {[%clk 01:02:36]}
{[%emt 00:19:03]} Nc6 {[%clk 00:52:12]} {[%emt 00:20:50]} 8. Be3 {[%clk
00:51:23]} {[%emt 00:11:43]} O-O {[%clk 00:39:29]} {[%emt 00:13:13]} 9. Be2
{[%clk 00:50:55]} {[%emt 00:00:59]} a5 {[%clk 00:34:38]} {[%emt 00:05:20]} 10.
a3 {[%clk 00:42:49]} {[%emt 00:08:37]} a4 {[%clk 00:32:24]} {[%emt 00:02:43]}
11. Qc2 {[%clk 00:42:51]} {[%emt 00:00:27]} Be7 {[%clk 00:29:21]} {[%emt
00:03:34]} 12. O-O {[%clk 00:42:47]} {[%emt 00:00:34]} Bd7 {[%clk 00:28:13]}
{[%emt 00:01:38]} 13. Bd3 {[%clk 00:37:37]} {[%emt 00:05:41]} g6 {[%clk
00:23:40]} {[%emt 00:05:02]} 14. Rfe1 {[%clk 00:29:08]} {[%emt 00:09:00]} Na5
{[%clk 00:14:01]} {[%emt 00:10:08]} 15. Qe2 {[%clk 00:23:38]} {[%emt 00:06:01]}
Nb3 {[%clk 00:12:43]} {[%emt 00:01:48]} 16. Rad1 {[%clk 00:24:00]} {[%emt
00:00:07]} Bc6 {[%clk 00:09:54]} {[%emt 00:03:19]} 17. d5 {[%clk 00:18:25]}
{[%emt 00:06:06]} Bd7 {[%clk 00:08:06]} {[%emt 00:02:16]} 18. dxe6 {[%clk
00:17:08]} {[%emt 00:01:48]} fxe6 {[%clk 00:07:32]} {[%emt 00:01:04]} 19. Ne5
{[%clk 00:15:00]} {[%emt 00:02:39]} Bd6 {[%clk 00:06:36]} {[%emt 00:01:25]} 20.
Bxb6 {[%clk 00:11:11]} {[%emt 00:04:20]} Bxe5 {[%clk 00:04:20]} {[%emt
00:02:46]} 21. Qxe5 {[%clk 00:11:12]} {[%emt 00:00:29]} cxb6 {[%clk 00:04:43]}
{[%emt 00:00:06]} 22. Bc2 {[%clk 00:07:08]} {[%emt 00:04:35]} Nc5 {[%clk
00:03:42]} {[%emt 00:01:30]} 23. Ne4 {[%clk 00:07:07]} {[%emt 00:00:31]} Qe7
{[%clk 00:02:49]} {[%emt 00:01:23]} 24. Nxc5 {[%clk 00:06:25]} {[%emt
00:01:12]} bxc5 {[%clk 00:03:05]} {[%emt 00:00:14]} 25. Qc7 {[%clk 00:06:24]}
{[%emt 00:00:32]} Rad8 {[%clk 00:02:23]} {[%emt 00:01:11]} 26. Bxa4 {[%clk
00:04:16]} {[%emt 00:02:39]} Rf7 {[%clk 00:01:18]} {[%emt 00:01:36]} 27. Bxd7
{[%clk 00:02:19]} {[%emt 00:02:27]} Rxd7 {[%clk 00:01:45]} {[%emt 00:00:03]} 28.
Qe5 {[%clk 00:01:57]} {[%emt 00:00:51]} Rxd1 {[%clk 00:00:52]} {[%emt
00:01:25]} 29. Rxd1 {[%clk 00:02:22]} {[%emt 00:00:05]} Qf6 {[%clk 00:01:17]}
{[%emt 00:00:05]} 30. Qxf6 {[%clk 00:02:40]} {[%emt 00:00:12]} Rxf6 {[%clk
00:01:45]} {[%emt 00:00:01]} 31. Rd8+ {[%clk 00:02:58]} {[%emt 00:00:09]} Kg7
{[%clk 00:02:07]} {[%emt 00:00:11]} 32. Rd7+ {[%clk 00:03:24]} {[%emt
00:00:04]} Rf7 {[%clk 00:02:21]} {[%emt 00:00:16]} 33. Rxf7+ {[%clk 00:03:41]}
{[%emt 00:00:14]} Kxf7 {[%clk 00:02:45]} {[%emt 00:00:06]} 34. Kf1 {[%clk
00:03:51]} {[%emt 00:00:19]} Kf6 {[%clk 00:01:51]} {[%emt 00:01:23]} 35. Ke2
{[%clk 00:04:17]} {[%emt 00:00:05]} Ke5 {[%clk 00:02:02]} {[%emt 00:00:20]} 36.
Ke3 {[%clk 00:04:42]} {[%emt 00:00:03]} g5 {[%clk 00:02:15]} {[%emt 00:00:16]}
37. f3 {[%clk 00:04:34]} {[%emt 00:00:38]} h5 {[%clk 00:01:46]} {[%emt
00:01:00]} 38. b4 {[%clk 00:04:40]} {[%emt 00:00:24]} cxb4 {[%clk 00:01:51]}
{[%emt 00:00:25]} 39. axb4 {[%clk 00:05:08]} {[%emt 00:00:02]} b6 {[%clk
00:02:04]} {[%emt 00:00:17]} 40. g3 {[%clk 00:05:32]} {[%emt 00:00:07]} Kf5
{[%clk 00:00:38]} {[%emt 00:01:56]} 41. Kd4 {[%clk 00:02:41]} {[%emt 00:03:21]}
h4 {[%clk 00:00:58]} {[%emt 00:00:11]} 42. gxh4 {[%clk 00:02:46]} {[%emt
00:00:24]} gxh4 {[%clk 00:00:45]} {[%emt 00:00:42]} 43. c5 {[%clk 00:02:44]}
{[%emt 00:00:32]} bxc5+ {[%clk 00:01:12]} {[%emt 00:00:03]} 44. bxc5 {[%clk
00:03:08]} {[%emt 00:00:07]} Kf4 {[%clk 00:01:38]} {[%emt 00:00:04]} 45. c6
{[%clk 00:03:26]} {[%emt 00:00:12]} e5+ {[%clk 00:01:58]} {[%emt 00:00:08]} 46.
Kd5 {[%clk 00:02:47]} {[%emt 00:01:10]} Kxf3 {[%clk 00:02:14]} {[%emt
00:00:15]} 47. c7 {[%clk 00:03:02]} {[%emt 00:00:15]} Kg2 {[%clk 00:01:17]}
{[%emt 00:01:26]} 48. c8=Q {[%clk 00:03:26]} {[%emt 00:00:06]} Kxh2 {[%clk
00:01:28]} {[%emt 00:00:19]} 49. Qg4 {[%clk 00:03:50]} {[%emt 00:00:06]}  1-0

[Event "2022 Zone 4.1Individual Championships "]
[Site "Hotel Rosa Beach Monastir"]
[Date "2022.03.14"]
[Round "2"]
[Board "1"]
[White "Msellek, Ilyass"]
[Black "Cheikhna, Mohamed Lemine"]
[Result "1-0"]
[WhiteElo "2411"]
[BlackElo "1957"]
[PlyCount "41"]
[EventDate "2022.03.13"]
[EventRounds "9"]
[EventCountry "TUN"]

1. e4 c5 2. Nf3 g6 3. c3 d5 4. exd5 Qxd5 5. d4 e6 6. Be2 Nf6 7. Na3 a6 8. Nc4
Qd8 9. Bg5 Nbd7 10. a4 b6 11. Nfe5 Qc7 12. Bf4 Qb7 13. Bf3 Nd5 14. O-O Be7 15.
Re1 O-O 16. Nxd7 Bxd7 17. Bxd5 exd5 18. Rxe7 dxc4 19. dxc5 Rad8 20. Bh6 Bxa4
21. Rxb7  1-0

[Event "2022 Zone 4.1Individual Championships "]
[Site "Hotel Rosa Beach Monastir"]
[Date "2022.03.14"]
[Round "2"]
[Board "2"]
[White "Seddaoui, Yamine"]
[Black "Sadek, Sameh"]
[Result "0-1"]
[WhiteElo "2114"]
[BlackElo "2233"]
[PlyCount "108"]
[EventDate "2022.03.13"]
[EventRounds "9"]
[EventCountry "TUN"]

1. e4 d5 2. exd5 Qxd5 3. Nc3 Qd8 4. Bc4 c5 5. Qf3 e6 6. Nge2 Nf6 7. d3 Be7 8.
Bb5+ Nbd7 9. O-O O-O 10. Bf4 a6 11. Bc4 Nb6 12. Bb3 Nbd5 13. Bg5 h6 14. Nxd5
hxg5 15. Nxe7+ Qxe7 16. Rfe1 g4 17. Qe3 b5 18. Ng3 Bb7 19. Qg5 Qc7 20. Nh5 Nxh5
21. Qxh5 c4 22. dxc4 bxc4 23. Ba4 Qf4 24. Qe5 Qxe5 25. Rxe5 Rfd8 26. Rc5 Rac8
27. Rxc8 Rxc8 28. c3 Rc5 29. Rd1 Bd5 30. Kf1 f5 31. Rc1 Ra5 32. b3 Kf7 33. g3
Ke7 34. Ke2 g5 35. Ke3 e5 36. Re1 Rc5 37. Kd2 Kd6 38. bxc4 Bxc4 39. Bb3 Bb5 40.
Rd1 e4 41. Kc2+ Bd3+ 42. Kb2 Ke5 43. Bc2 Rb5+ 44. Kc1 Bc4 45. Rd4 Rc5 46. Kb2
Rc6 47. Bb3 Bxb3 48. Kxb3 f4 49. Ra4 e3 50. gxf4+ gxf4 51. fxe3 f3 52. Rf4 Rf6
53. Kc2 f2 54. Kd2 f1=Q  0-1

[Event "2022 Zone 4.1Individual Championships "]
[Site "Hotel Rosa Beach Monastir"]
[Date "2022.03.14"]
[Round "2"]
[Board "3"]
[White "Sentissi, Yassine"]
[Black "Bengherabi, Khalil"]
[Result "1/2-1/2"]
[WhiteElo "1844"]
[BlackElo "2124"]
[PlyCount "86"]
[EventDate "2022.03.13"]
[EventRounds "9"]
[EventCountry "TUN"]

1. e4 c5 2. Nf3 d6 3. d4 cxd4 4. Nxd4 Nf6 5. Nc3 g6 6. Be3 Bg7 7. f3 O-O 8. Qd2
Nc6 9. Bc4 Bd7 10. O-O-O Rb8 11. Bb3 Na5 12. h4 b5 13. Kb1 Nc4 14. Bxc4 bxc4
15. g4 Qa5 16. Nd5 Qxd2 17. Nxe7+ Kh8 18. Rxd2 c3 19. Rdh2 Rxb2+ 20. Ka1 Bxg4
21. fxg4 Nxg4 22. h5 Nxh2 23. Rxh2 Rfb8 24. Rh1 R8b4 25. hxg6 fxg6 26. Nxg6+
Kg8 27. Ne7+ Kf7 28. Nd5 Bxd4 29. Nxb4 Bxe3 30. Nd5 Bd4 31. Rh4 h5 32. Rxh5 Kg6
33. Rh2 Kf7 34. Rh7+ Kg6 35. Rh2 Kg5 36. Rg2+ Kh4 37. Nf4 Be5 38. Nd3 Kh3 39.
Re2 Rb5 40. Nxe5 Rxe5 41. Re3+ Kg4 42. Rxc3 Rxe4 43. Rc7 Ra4  1/2-1/2

[Event "2022 Zone 4.1Individual Championships "]
[Site "Hotel Rosa Beach Monastir"]
[Date "2022.03.14"]
[Round "2"]
[Board "4"]
[White "Gator, Mosab"]
[Black "Ben Brahem, Aymen"]
[Result "0-1"]
[WhiteElo "2133"]
[BlackElo "2172"]
[PlyCount "72"]
[EventDate "2022.03.13"]
[EventRounds "9"]
[EventCountry "TUN"]

1. e4 c5 2. Nf3 d6 3. d4 cxd4 4. Nxd4 Nf6 5. Nc3 g6 6. Be3 Bg7 7. f3 O-O 8. Qd2
Nc6 9. g4 Be6 10. Nxe6 fxe6 11. O-O-O Ne5 12. Be2 Qc8 13. Bh6 Nc4 14. Bxc4 Qxc4
15. h4 b5 16. Bxg7 Kxg7 17. b3 Qc5 18. Ne2 Rac8 19. Nd4 Kf7 20. Rh2 Qc3 21.
Qxc3 Rxc3 22. Rd3 Rc5 23. b4 Rc4 24. a3 a6 25. Kb2 Nd7 26. c3 Ne5 27. Rd1 Ke8
28. Rh3 Kd7 29. Kb3 Rcc8 30. g5 Rf4 31. Rg1 Rcf8 32. Rgg3 Nc4 33. a4 e5 34. Ne2
Rxf3 35. h5 Rxg3 36. Rxg3 Rf2  0-1

[Event "2022 Zone 4.1Individual Championships "]
[Site "Hotel Rosa Beach Monastir"]
[Date "2022.03.14"]
[Round "2"]
[Board "5"]
[White "Ben Ammar, Mohamed"]
[Black "Ben Hamouda, Mohamed Aymen"]
[Result "1-0"]
[WhiteElo "2173"]
[BlackElo "1509"]
[PlyCount "69"]
[EventDate "2022.03.13"]
[EventRounds "9"]
[EventCountry "TUN"]

1. d4 d5 2. c4 e6 3. Nc3 Nf6 4. cxd5 exd5 5. Bg5 Be7 6. e3 c6 7. Qc2 Nbd7 8.
Bd3 O-O 9. Nge2 Re8 10. O-O Nf8 11. f3 g6 12. Rad1 Ne6 13. Bh4 Ng7 14. e4 dxe4
15. fxe4 Ng4 16. Bxe7 Qxe7 17. Qc1 f5 18. e5 Qh4 19. h3 Nh6 20. Qf4 Qxf4 21.
Nxf4 g5 22. Bc4+ Kh8 23. Nd3 Be6 24. d5 cxd5 25. Bxd5 Rad8 26. Bxe6 Nxe6 27.
Nb5 a6 28. Nd6 Re7 29. Nb4 Rc7 30. Rc1 Rxc1 31. Rxc1 Kg7 32. Nd5 f4 33. Nc7 Nd4
34. Rd1 Rd7 35. Rxd4  1-0

[Event "2022 Zone 4.1Individual Championships "]
[Site "Hotel Rosa Beach Monastir"]
[Date "2022.03.14"]
[Round "2"]
[Board "6"]
[White "Achour, Oussama"]
[Black "Ben Ghanem, Hamed"]
[Result "0-1"]
[WhiteElo "1474"]
[BlackElo "2112"]
[PlyCount "55"]
[EventDate "2022.03.13"]
[EventRounds "9"]
[EventCountry "TUN"]

1. d4 d5 2. Bf4 Nf6 3. e3 c5 4. Nf3 Nc6 5. c4 dxc4 6. Bxc4 cxd4 7. Nxd4 Nxd4 8.
Qxd4 Qxd4 9. exd4 a6 10. a4 e6 11. O-O Bd7 12. Nc3 Rc8 13. Ba2 Bb4 14. d5 Bxc3
15. dxe6 fxe6 16. bxc3 Rxc3 17. Rfb1 b5 18. axb5 axb5 19. Be5 Rc8 20. f4 Ke7
21. Re1 g6 22. h3 Rhe8 23. g4 Bc6 24. f5 gxf5 25. gxf5 Rg8+ 26. Kf2 Rg2+ 27.
Kf1 Rg5 28. Bxf6+  0-1

[Event "2022 Zone 4.1Individual Championships "]
[Site "Hotel Rosa Beach Monastir"]
[Date "2022.03.14"]
[Round "3"]
[Board "1"]
[White "Sadek, Sameh"]
[Black "Msellek, Ilyass"]
[Result "0-1"]
[WhiteElo "2233"]
[BlackElo "2411"]
[PlyCount "81"]
[EventDate "2022.03.13"]
[EventRounds "9"]
[EventCountry "TUN"]

1. Nf3 d5 2. c4 e6 3. e3 Nf6 4. d4 a6 5. Nbd2 c5 6. cxd5 exd5 7. Bd3 Nc6 8. O-O
c4 9. Bc2 Be7 10. Ne5 Qc7 11. f4 O-O 12. Ndf3 b5 13. Nxc6 Qxc6 14. Ne5 Qc7 15.
Qf3 Bb7 16. f5 a5 17. Qh3 Ra6 18. Bd2 Ne4 19. Bxe4 dxe4 20. Ng4 f6 21. Be1 Bd5
22. Bg3 Bd6 23. Bxd6 Qxd6 24. Rf4 b4 25. Nf2 c3 26. bxc3 bxc3 27. Nxe4 Qa3 28.
Nc5 Rc6 29. Rf2 Re8 30. e4 Bxe4 31. Qe3 Rxc5 32. dxc5 Re5 33. Qd4 c2 34. Qc4+
Kf8 35. c6 Rc5 36. Rxc2 Rxc4 37. Rxc4 Qe3+ 38. Kh1 Bxg2+ 39. Kxg2 Qe2+ 40. Kg1
Qxc4 41. Rf1  0-1

[Event "2022 Zone 4.1Individual Championships "]
[Site "Hotel Rosa Beach Monastir"]
[Date "2022.03.14"]
[Round "3"]
[Board "2"]
[White "Bengherabi, Khalil"]
[Black "Seddaoui, Yamine"]
[Result "1/2-1/2"]
[WhiteElo "2124"]
[BlackElo "2114"]
[PlyCount "44"]
[EventDate "2022.03.13"]
[EventRounds "9"]
[EventCountry "TUN"]

1. e4 d6 2. d4 Nf6 3. Nc3 g6 4. Nf3 Bg7 5. Be2 O-O 6. O-O c6 7. a4 a5 8. h3 Na6
9. e5 dxe5 10. dxe5 Nd5 11. Nxd5 Qxd5 12. Qxd5 cxd5 13. Rd1 e6 14. Bf4 Bd7 15.
c4 Nb4 16. cxd5 Nxd5 17. Bd2 Rfc8 18. b3 b6 19. Rac1 Rxc1 20. Rxc1 Rc8 21. Rc5
Rc7 22. Rxc7 Bc8  1/2-1/2

[Event "2022 Zone 4.1Individual Championships "]
[Site "Hotel Rosa Beach Monastir"]
[Date "2022.03.14"]
[Round "3"]
[Board "3"]
[White "Ben Ghanem, Hamed"]
[Black "Sentissi, Yassine"]
[Result "1-0"]
[WhiteElo "2112"]
[BlackElo "1844"]
[PlyCount "137"]
[EventDate "2022.03.13"]
[EventRounds "9"]
[EventCountry "TUN"]

1. d4 Nf6 2. Bf4 c5 3. e3 g6 4. c3 Qb6 5. Qb3 Qxb3 6. axb3 cxd4 7. exd4 Nc6 8.
Nf3 d6 9. Bb5 Bd7 10. O-O Nd5 11. Bg3 Nc7 12. Bd3 Bg7 13. Re1 O-O 14. Nbd2 Rfe8
15. b4 a6 16. Nc4 Rad8 17. h3 Nd5 18. Re2 Bh6 19. Rae1 Be6 20. Ne3 Nxe3 21.
fxe3 d5 22. Bf4 Bxf4 23. exf4 Bf5 24. Bxf5 gxf5 25. Nh4 e6 26. Nxf5 a5 27. bxa5
Nxa5 28. Ne3 Kf8 29. Ng4 Kg7 30. f5 Rd6 31. fxe6 Rexe6 32. Rxe6 fxe6 33. Ne5
Nc6 34. Nd3 Kf6 35. Kf2 Rd8 36. g4 b5 37. b4 Ra8 38. Nf4 Nd8 39. Re3 Ra6 40. h4
h6 41. Kf3 Nf7 42. Nd3 Ra1 43. Nc5 Nd8 44. g5+ hxg5 45. hxg5+ Kf7 46. Kg4 Rg1+
47. Rg3 Re1 48. Rf3+ Kg7 49. Kf4 Nf7 50. Rg3 Kg6 51. Kf3 e5 52. Nd3 Rf1+ 53.
Ke2 Rf5 54. Nxe5+ Nxe5 55. dxe5 Rxe5+ 56. Kd3 Re4 57. Re3 Rc4 58. Re5 d4 59.
Rc5 Rxc3+ 60. Rxc3 dxc3 61. Kxc3 Kxg5 62. Kd4 Kf6 63. Kc5 Ke6 64. Kxb5 Kd6 65.
Kb6 Kd7 66. Kb7 Kd6 67. b5 Kd7 68. b6 Kd8 69. Ka7  1-0

[Event "2022 Zone 4.1Individual Championships "]
[Site "Hotel Rosa Beach Monastir"]
[Date "2022.03.14"]
[Round "3"]
[Board "4"]
[White "Ben Brahem, Aymen"]
[Black "Ben Ammar, Mohamed"]
[Result "1-0"]
[WhiteElo "2172"]
[BlackElo "2173"]
[PlyCount "47"]
[EventDate "2022.03.13"]
[EventRounds "9"]
[EventCountry "TUN"]

1. d4 Nf6 2. Bf4 g6 3. Nc3 d5 4. e3 Bg7 5. h4 h5 6. Nf3 O-O 7. Ne5 c5 8. Qd2
cxd4 9. exd4 Bf5 10. f3 Nc6 11. O-O-O Rc8 12. g4 hxg4 13. h5 Nb4 14. h6 Bh8 15.
h7+ Nxh7 16. Qh2 g5 17. fxg4 Nxa2+ 18. Kd2 Bxe5 19. Bxe5 f6 20. gxf5 Rf7 21.
Nxa2 fxe5 22. Qxe5 Qa5+ 23. Nc3 Nf6 24. Bd3  1-0

[Event "2022 Zone 4.1Individual Championships "]
[Site "Hotel Rosa Beach Monastir"]
[Date "2022.03.14"]
[Round "3"]
[Board "5"]
[White "Cheikhna, Mohamed Lemine"]
[Black "Araoun, Saadi"]
[Result "0-1"]
[WhiteElo "1957"]
[BlackElo "2058"]
[PlyCount "70"]
[EventDate "2022.03.13"]
[EventRounds "9"]
[EventCountry "TUN"]

1. d4 Nf6 2. Bf4 c5 3. e3 Qb6 4. Nc3 d6 5. Rb1 g6 6. Nf3 Bg7 7. Bb5+ Nbd7 8.
O-O O-O 9. h3 a6 10. Bc4 cxd4 11. exd4 Qc7 12. Bd3 b5 13. Re1 Re8 14. Qd2 Bb7
15. Ne4 Nh5 16. Bh2 f5 17. Neg5 e5 18. dxe5 dxe5 19. g4 fxg4 20. hxg4 Nhf6 21.
Qb4 Bf8 22. Qd2 Nxg4 23. Be4 Nxh2 24. Kxh2 Nf6 25. Kg2 Nxe4 26. Nxe4 Bg7 27.
Qe3 Rf8 28. Nfg5 Qd7 29. f3 h6 30. Rbd1 Qf5 31. Qb3+ Kh8 32. Rh1 Bxe4 33. Nxe4
Rad8 34. Rxd8 Rxd8 35. Nd6 Rxd6  0-1

[Event "2022 Zone 4.1Individual Championships "]
[Site "Hotel Rosa Beach Monastir"]
[Date "2022.03.14"]
[Round "3"]
[Board "7"]
[White "Ben Hamouda, Mohamed Aymen"]
[Black "Achour, Oussama"]
[Result "0-1"]
[WhiteElo "1509"]
[BlackElo "1474"]
[PlyCount "52"]
[EventDate "2022.03.13"]
[EventRounds "9"]
[EventCountry "TUN"]

1. e4 d5 2. exd5 Nf6 3. Nc3 Nxd5 4. Bc4 Nb6 5. Bb3 Nc6 6. Qf3 e6 7. Nge2 Na5 8.
d4 Nxb3 9. axb3 Be7 10. Qg3 Bf6 11. Bf4 Nd5 12. Nxd5 Qxd5 13. Bxc7 O-O 14. O-O
Qe4 15. Nf4 Qxc2 16. Rfc1 Qf5 17. Ra5 b5 18. h4 Bxd4 19. Qf3 Bd7 20. Bd6 Rfc8
21. Rxc8+ Rxc8 22. g4 Qb1+ 23. Kh2 Bc6 24. Qe2 Qh1+ 25. Kg3 Qg1+ 26. Kh3 Bxf2
 0-1

[Event "2022 Zone 4.1Individual Championships "]
[Site "Hotel Rosa Beach Monastir"]
[Date "2022.03.15"]
[Round "4"]
[Board "1"]
[White "Msellek, Ilyass"]
[Black "Bengherabi, Khalil"]
[Result "1-0"]
[WhiteElo "2411"]
[BlackElo "2124"]
[PlyCount "121"]
[EventDate "2022.03.13"]
[EventRounds "9"]
[EventCountry "TUN"]

1. e4 c5 2. Nf3 d6 3. Bb5+ Nd7 4. O-O Ngf6 5. Re1 g6 6. c3 Bg7 7. d4 cxd4 8.
cxd4 O-O 9. a4 a6 10. Bf1 d5 11. e5 Ne8 12. Nc3 Nb8 13. h3 Nc6 14. Be3 f6 15.
exf6 Nxf6 16. Ne5 Qb6 17. Nxc6 Qxc6 18. Qb3 Be6 19. Rac1 Qd6 20. a5 Bd7 21. g3
Bc6 22. Bg2 Kh8 23. Bf4 Qd7 24. Be5 e6 25. Re2 Nh5 26. Rce1 Bxe5 27. Rxe5 Ng7
28. Ne2 Rf5 29. Nf4 Rxe5 30. Rxe5 Re8 31. g4 Qd8 32. Qc3 Bd7 33. b4 Qc8 34. Qc5
Qxc5 35. bxc5 Rf8 36. Nd3 Ne8 37. Re3 Nc7 38. Ne5 Bc8 39. Bf1 Rf4 40. Rb3 Kg7
41. c6 bxc6 42. Rb8 Rf8 43. Nxc6 e5 44. dxe5 Re8 45. Na7 Be6 46. Rb7 Re7 47.
Nc6 Rd7 48. Nb8 Rf7 49. Nxa6 Na8 50. Rxf7+ Kxf7 51. Bb5 Bc8 52. Bc6 d4 53. Bxa8
Bxa6 54. Bd5+ Ke7 55. f4 d3 56. Kf2 d2 57. Bf3 Bb7 58. Bd1 Ke6 59. Bb3+ Bd5 60.
Bxd5+ Kxd5 61. Ke2  1-0

[Event "2022 Zone 4.1Individual Championships "]
[Site "Hotel Rosa Beach Monastir"]
[Date "2022.03.15"]
[Round "4"]
[Board "2"]
[White "Ben Ghanem, Hamed"]
[Black "Sadek, Sameh"]
[Result "1-0"]
[WhiteElo "2112"]
[BlackElo "2233"]
[PlyCount "102"]
[EventDate "2022.03.13"]
[EventRounds "9"]
[EventCountry "TUN"]

1. d4 Nf6 2. Nf3 e6 3. Bf4 Bd6 4. Bg3 Bxg3 5. hxg3 b6 6. e3 Bb7 7. Bd3 d6 8.
Nbd2 Nbd7 9. c3 e5 10. e4 Qe7 11. Qe2 a6 12. Bc2 g6 13. O-O-O b5 14. Ng5 c5 15.
f4 exd4 16. cxd4 c4 17. e5 dxe5 18. fxe5 O-O-O 19. Nxc4 bxc4 20. Qxc4+ Kb8 21.
Qxf7 Nd5 22. Qxe7 Nxe7 23. Nf7 h5 24. Nxh8 Rxh8 25. Rhf1 Bd5 26. b3 g5 27. Bd3
Kb7 28. Kb2 h4 29. gxh4 Rxh4 30. Bc4 Nb6 31. Kc3 a5 32. Rd2 Rh8 33. Kd3 Rc8 34.
Rc2 Rh8 35. Bxd5+ Nbxd5 36. Rf7 Rh4 37. Rc5 Kb6 38. a3 Rg4 39. Rf2 Rg3+ 40. Kc2
Ne3+ 41. Kc1 N3f5 42. Rc4 Rd3 43. Rd2 Rxd2 44. Kxd2 Nd5 45. Kd3 Nde3 46. Rc8
Nxg2 47. Ke4 Ne7 48. Re8 Nc6 49. d5 Na7 50. e6 Nb5 51. Rb8+ Kc5  1-0